| 000 | 00567nam a2200193Ia 4500 | ||
|---|---|---|---|
| 008 | 131103s9999 xx 000 0 und d | ||
| 040 | _aLoreto College | ||
| 041 | _aEnglish | ||
| 082 |
_a843/STE _bLCLIB/19368 |
||
| 100 | _aHemmings, F W J | ||
| 245 |
_aStendhal _b A study of his novels _cF W J Hemmings |
||
| 260 |
_aOxford _bThe Clarendon _c1964 |
||
| 300 |
_axvii,232p. _c 22cm. |
||
| 504 | _aIncludes bibliographical references & index | ||
| 650 | _aStendhal - history & criticism | ||
| 651 | _aFrench fiction | ||
| 850 | _aLCLIB/843/STE | ||
| 942 | _cBK | ||
| 999 |
_c24422 _d74901 |
||